000 00276nam a22001097a 4500
082 _a629.25 CAM'S
100 _aCAMPBELL, COLIN
_978297
245 _aTHE SPORTS CAR ENGINE ITS TUNING AND MODIFICATION
260 _aLONDON
_bCHAPMAN & HALL
_c1965
300 _a322P
942 _cBK
999 _c583441
_d583441